000 01009nam a22002177a 4500
005 20100830104546.0
010 _aHIN-90218
020 _a8186762299
_c300.00
035 _aHN-62564
037 _bDBAD / PUB
082 _a821
100 _aगोदियाल, श्यामा
_917543
245 _aस्वानुभूति /
_cश्यामा गोदियाल
260 _aनई दिल्ली
_bदिलप्रीत पब्लिशिंग हाऊस
_c2010
270 _a4393/4ए, पहली मंजिल, अंसारी रोड, दरियागंज
_bनई दिल्ली
_e110002
_k011 23285093
300 _axviii,157पृ.
_c22सेमी (सजिल्द)
650 _aहिन्दी कविता
_9697
700 _917425
942 _2ddc
_cHN
_h821
_mगोदिया
999 _c43150
_d43150